成為賈伯斯:天才巨星的挫敗與孕成 (Record no. 814)

MARC details
000 -記錄標示
fixed length control field 00295nam a2200109Ia 4500
008 - 定長欄資料代碼
fixed length control field 180130s9999||||xx |||||||||||||| ||und||
020 ## - 國際標準書號
價格與相關資訊 NT499
國際標準書號 978-986-320-718-4
100 ## - 主要款目--主要著者
個人姓名 廖月娟
245 #0 - 題名及著者敘述項
著者敍述 廖月娟
正題名 成為賈伯斯:天才巨星的挫敗與孕成
250 ## - 版本項
版本敍述 一版
260 ## - 出版項
出版年 2015.05
942 ## - 附加款目元素 (KOHA)
分類法來源 中文圖書分類法
Koha 館藏類型 一般圖書
Holdings
撤銷狀態 遺失狀態 分類號來源 損壞狀態 不外借 永久館藏地 現在館藏地 採購日期 全部借出 完整索書號 條碼號 最後一次日期記錄 複本號 一般價格有效日期 Koha館藏類型 公開資訊
未註銷館藏 未遺失 中文圖書分類法 未損毀 可外借 怡仁綜合醫院圖書館 怡仁綜合醫院圖書館 2018-01-30   484.67 C02287 2018-01-30 c.2 2018-01-30 一般圖書 賈伯斯逝世之後,媒體多半把他描繪成一個天才與混蛋的結合體:追求完美,高傲自大,完全不把人放在眼裡。本書作者史蘭德與賈伯斯相熟二十五年,他認為這不但與他認識的賈伯斯不相符,也錯失了回看賈伯斯一生經歷時的重要焦點,因此興起寫作本書的念頭。
怡仁醫院| 地址:32643桃園市楊梅區楊新北路321巷30號 | 服務專線:03-4855566 | 電子郵件信箱:
Copyright © 1996 CHC Hospital